Представление документа в формате MARC21

Поле Инд. ПП Название Значение
Тип записи a
Библиографический уровень m
001 Контрольный номер e5b6771752484e6db515ba4791f7b17b
005 Дата корректировки 20220617114233.3
008 Кодируемые данные 220530|||||||||ru |||||||||||||||||rus||
041 0_ a Код языка текста rus
084 a Индекс другой классификации/Индекс ББК 94+47.291
090 a Полочн. индекс 94
x Авторский знак В 49
100 1_ a Автор Виноградов Е. В.
203 a Вид содержания Текст
c Тип средства непосредственное
245 10 a Заглавие Стрессоустойчивость карпа (Cyprinus Carpio,L.) в раннем онтогенезе и ее влияние на рыбоводно-биологические характеристики
b Продолж. заглавия специальность 03.02.06 "Ихтиология" : автореферат диссертации на соискание ученой степени кандидата биологических наук
c Ответственность Филиал по пресноводному рыбному хозяйству Федерального государственного бюджетного научного учреждения "Всероссийский научно-исследовательский институт рыбного хозяйства и океанографии" (ВНИИПРХ), пос. Рыбное
260 a Место издания Москва
c Дата издания 2021
300 a Объем 24 с.
b Иллюстрации/ тип воспроизводства диагр., табл.
504 a Библиография Библиогр.: с. 22-24
504 a Библиография Место защиты: ФГБНУ "ВНИРО"
650 04 a Основная рубрика Промысловые рыбы-Карповые-Авторефераты диссертаций
653 0_ a Ключевые слова Авторефераты диссертаций
a Ключевые слова Исследования рыбопромысловые
a Ключевые слова Карповые
a Ключевые слова Личинки карпа
a Ключевые слова Стрессустойчивость карпа
a Ключевые слова Cyprinus Carpio,L
900 a Имя макрообъекта Виноградов Е. В. Стрессоустойчивость
901 t Тип документа r